000 00634nam a22001817a 4500
003 BD-DhUL
005 20160829161209.0
008 160829s1970 ii a|||| |||| 000 0 b d
040 _cBD-DhUL
_dBD-DhUL
082 _a923.25492
_bMOD
100 1 0 _aমতিয়া চৌধুরী
245 _aদেয়াল দিয়ে ঘেরা /
_cমতিয়া চৌধুরী
260 _aঢাকা :
_bকালি কলম প্রকাশনী,
_c১৯৭০।
300 _a১৯৫ পৃ. ;
_c২০ সেমি. ।
650 _aবাংলাদেশ
650 _aBangladesh
942 _2ddc
_cBK
999 _c102449
_d102449